Grundlagen der elektronischen Datenverarbeitung für Ökonomen Hochschullehrbuch

Salvato in:
Dettagli Bibliografici
Natura: Libro
Lingua:tedesco
Pubblicazione: Berlin Wirtschaft 1982
Tags: Aggiungi Tag
Nessun Tag, puoi essere il primo ad aggiungerne!!

MARC

LEADER 00000nam a2200000 4500
001 c129504
005 20041019155246.5
041 0 |a ger 
044 |a DE 
245 1 0 |a Grundlagen der elektronischen Datenverarbeitung für Ökonomen  |b Hochschullehrbuch 
264 1 |a Berlin  |b Wirtschaft  |c 1982 
300 |a 287 s.